identity molecular of circovirus in pig's at 100 hectrae farm stueng hav district, sihanoukville province កំណត់អត្តសញ្ញណម៉ូលេគុលសុឺកូលើជ្រូកនៅកសិដ្ធាន ១០០​​ ហិកតា ស្រុកស្ទឹងហាវ ខេត្តព្រះសីហនុ (Record no. 18519)

000 -LEADER
fixed length control field 00728nam a22001337a 4500
040 ## - CATALOGING SOURCE
Transcribing agency RUA
082 ## - DEWEY DECIMAL CLASSIFICATION NUMBER
Classification number AVM SOR 2018 B654 Or.1
100 ## - MAIN ENTRY--AUTHOR NAME
Personal name SORN RATHANAK សន​ រតនៈ
245 ## - TITLE STATEMENT
Title identity molecular of circovirus in pig's at 100 hectrae farm stueng hav district, sihanoukville province កំណត់អត្តសញ្ញណម៉ូលេគុលសុឺកូលើជ្រូកនៅកសិដ្ធាន ១០០​​ ហិកតា ស្រុកស្ទឹងហាវ ខេត្តព្រះសីហនុ
260 ## - PUBLICATION, DISTRIBUTION, ETC. (IMPRINT)
Place of publication RUA
Name of publisher Phnom penh
Year of publication 2018
300 ## - PHYSICAL DESCRIPTION
Number of Pages x;31p
Other physical details ill;
Dimensions 29cm
856 ## - ELECTRONIC LOCATION AND ACCESS
Uniform Resource Identifier https://drive.google.com/file/d/1w-iZLHPgz4w9nPNzrpnPkhnv_KCiRvbM/view?usp=sharing
942 ## - ADDED ENTRY ELEMENTS (KOHA)
Koha item type AVM
952 ## - LOCATION AND ITEM INFORMATION (KOHA)
Withdrawn status [LOCAL, KOHA] 0
952 ## - LOCATION AND ITEM INFORMATION (KOHA)
Withdrawn status [LOCAL, KOHA] 0
952 ## - LOCATION AND ITEM INFORMATION (KOHA)
Withdrawn status [LOCAL, KOHA] 0
952 ## - LOCATION AND ITEM INFORMATION (KOHA)
Withdrawn status [LOCAL, KOHA] 0
952 ## - LOCATION AND ITEM INFORMATION (KOHA)
Withdrawn status [LOCAL, KOHA] 0
952 ## - LOCATION AND ITEM INFORMATION (KOHA)
Withdrawn status [LOCAL, KOHA] 0
Holdings
Permanent Location Date acquired Koha item type Lost status Shelving location Barcode Current Location Full call number
Library Block B2019-12-13AVM B654A063697Library Block BAVM SOR 2018 B654 Or.1
Library Block B2019-12-13AVM B654A063557Library Block BAVM SOR 2018 B654 Or.2
Library Block B2019-12-13AVM B654A063917Library Block BAVM SOR 2018 B654 Or.3
Library Block B2019-12-13AVM B654A06340Library Block BAVM SOR 2018 B654 Or.4
Library Block B2019-12-13AVM B654A063293Library Block BAVM SOR 2018 B654 Or.5
Library Block B2019-12-13AVM B654A063425Library Block BAVM SOR 2018 B654 Or.6
មជ្ឈមណ្ឌលឯការនៃសាកលវិទ្យាល័យភូមិន្ទកសិកម្មចំការដូង

Powered by Koha